| 000 | 00737nam a2200217 i 4500 | ||
|---|---|---|---|
| 001 | 13417 | ||
| 003 | ES-MaACL | ||
| 005 | 20230906150554.0 | ||
| 007 | t| | ||
| 008 | 980306s1990 xxu ||||1| eng d | ||
| 020 | _a0-940639-61-0 | ||
| 080 | _a235.3 | ||
| 245 | 0 | 0 |
_aSaints and their authors _b: studies in Medieval Hispanic hagiography in honor of Jonh K. Walsh / _cedited by Jane E. Connolly, Alan Deyermond, Briand Dutton. |
| 260 |
_aMadison : _bThe Hispanic Seminary of Medieval Studies, _c1990. |
||
| 300 |
_aXXV, 213 p. ; _c24 cm. |
||
| 650 | 1 | 4 |
_aHagiografía. _913291 |
| 700 | 1 |
_aConnolly, Jane E. _940207 |
|
| 700 | 1 |
_aDeyermond, A. D. _944055 |
|
| 700 | 1 |
_aDutton, Brian. _946363 |
|
| 852 |
_aES-MaACL _jL-20674 _bR.125374 |
||
| 999 |
_c13417 _d13417 |
||